World tariff profiles 2014.
| Corporate Author: | |
|---|---|
| Format: | Book |
| Published: |
Geneva:
WTO,
2014.
|
| Subjects: |
| LEADER | 00478cam a2200157 7i4500 | ||
|---|---|---|---|
| 001 | 0000032460 | ||
| 005 | 20150813090000.0 | ||
| 020 | 0 | 0 | |a 9789287039743 |
| 090 | 0 | 0 | |a T 382.7 |b WOR |
| 110 | 2 | 0 | |a The World Trade Organization (WTO) |
| 245 | 0 | 0 | |a World tariff profiles 2014. |
| 260 | 0 | 0 | |a Geneva: |b WTO, |c 2014. |
| 300 | # | # | |a 200 pages. |
| 650 | 0 | 0 | |a Tariff |
| 999 | |a B000036366 |b Book |c International |e Business Information Centre | ||
| 999 | |a 0000035633 |b Book |c International |e Business Information Centre | ||


